| 000 | 00495nam a22001697a 4500 | ||
|---|---|---|---|
| 999 |
_c4561 _d4561 |
||
| 003 | GBCCL | ||
| 005 | 20241126110521.0 | ||
| 008 | 180124b xxu||||| |||| 00| 0 eng d | ||
| 040 | _cgbc | ||
| 082 |
_a227.8706 _bSMI |
||
| 100 |
_aSmith, Hamilton _98437 |
||
| 245 |
_aThe Epistle to the Hebrews: _bAn Expository Outline / _cHamilton Smith |
||
| 260 |
_bGBV _aEschenburg: |
||
| 300 |
_a140 p.; _c19 cm. |
||
| 650 |
_aBible _vN.T. _vHebrews _xCriticism, Interpretation, etc. _98438 |
||
| 942 |
_2ddc _cBK _06 |
||